000 00305 a2200157 4500
001 174521
020 _a
040 _cMagnum
100 _aBosetti, Elisabeth
240 1 0 _aAs letras
_lpor
245 1 0 _aAs letras
362 0 _a1899
440 1 _aScipione
697 _aI/PARADIDATICO
942 _cBK
999 _c174521
_d174521